[Event "ENG-ch Seniors 50"]
[Site "Kenilworth"]
[Date "2024.05.27"]
[Round "5"]
[White "James, Russell A"]
[Black "Pitcher, John"]
[Result "1/2-1/2"]
[WhiteElo "1987"]
[BlackElo "2182"]
[PlyCount "78"]
[EventDate "2024.05.24"]
[EventType "swiss"]
[EventRounds "7"]
[EventCountry "ENG"]
[SourceTitle "CB22_2024"]
[SourceDate "2024.05.29"]
[SourceVersion "1"]
[SourceVersionDate "2024.05.29"]
[SourceQuality "1"]

1. e4 c5 2. Nf3 e6 3. d4 cxd4 4. Nxd4 a6 5. Nc3 b5 6. Bd3 Bb7 7. 0-0 Nc6 8. Nf3 d6 9. Re1 Nf6 10. Bf4 Be7 11. Qe2 0-0 12. Rad1 Qb6 13. a3 Rfd8 14. h3 Nd7 15. Be3 Qc7 16. a4 b4 17. Na2 Bf6 18. c3 bxc3 19. Nxc3 Nb4 20. Bb1 Rac8 21. Rc1 Qb8 22. Red1 Ba8 23. Bf4 e5 24. Be3 Nc5 25. Nd5 Nxd5 26. exd5 Nxa4 27. Rxc8 Rxc8 28. Bg5 Bxg5 29. Nxg5 h6 30. Nxf7 Kxf7 31. Qh5+ Kf8 32. Qf5+ Ke7 33. Qg6 Rf8 34. Qxg7+ Rf7 35. Qxh6 Qb6 36. Qe6+ Kf8 37. Qc8+ Kg7 38. Qg4+ Kf8 39. Qc8+ Kg7 1/2-1/2

[Event "Peterborough 4NCL Easter op-A"]
[Site "Peterborough"]
[Date "2024.03.31"]
[Round "4"]
[White "James, Russell A"]
[Black "Boggarapu, Kritan"]
[Result "1-0"]
[WhiteElo "2017"]
[BlackElo "1933"]
[PlyCount "49"]
[EventDate "2024.03.29"]
[EventType "swiss"]
[EventRounds "7"]
[EventCountry "ENG"]
[SourceTitle "CB14_2024"]
[SourceDate "2024.04.01"]
[SourceVersion "1"]
[SourceVersionDate "2024.04.01"]
[SourceQuality "1"]

1. e4 c5 2. Nf3 d6 3. d4 cxd4 4. Nxd4 Nf6 5. Nc3 a6 6. Bc4 e6 7. 0-0 b5 8. Bb3 Be7 9. Qf3 Qc7 10. Qg3 0-0 11. Bh6 Ne8 12. Rad1 Kh8 13. Be3 Nf6 14. a3 Nc6 15. f4 Bb7 16. Kh1 Rg8 17. Nf3 Nd7 18. f5 e5 19. Bxf7 Rgf8 20. Nd5 Qd8 21. Bg6 Nf6 22. Qh3 Kg8 23. Nxf6+ Rxf6 24. Qxh7+ Kf8 25. Qh8# 1-0

[Event "Manchester op"]
[Site "Bolton"]
[Date "2023.08.18"]
[Round "1"]
[White "Jaszkiwskyj, Peter"]
[Black "James, Russell A"]
[Result "1/2-1/2"]
[WhiteElo "1865"]
[BlackElo "1980"]
[PlyCount "68"]
[EventDate "2023.08.18"]
[EventType "swiss"]
[EventRounds "5"]
[EventCountry "ENG"]
[SourceTitle "CBM 215 Extra"]
[Source "ChessBase"]
[SourceDate "2023.09.30"]
[SourceVersion "1"]
[SourceVersionDate "2023.09.30"]
[SourceQuality "1"]

1. d4 Nf6 2. c4 g6 3. Nf3 Bg7 4. g3 d5 5. cxd5 Nxd5 6. Bg2 Nb6 7. 0-0 Nc6 8. e3 0-0 9. Qe2 a5 10. Rd1 a4 11. Bd2 Re8 12. Bc3 Nd5 13. Be1 b6 14. Ne5 Bb7 15. Qc4 Nxe5 16. dxe5 c6 17. Nc3 Qc8 18. Nxd5 cxd5 19. Qd4 Qe6 20. Bc3 Rec8 21. Bxd5 Bxd5 22. Qxd5 Qxd5 23. Rxd5 e6 24. Rb5 Rc6 25. Rd1 Bf8 26. Kg2 a3 27. Bd4 Rc2 28. bxa3 Rxa2 29. Rd3 R2xa3 30. Rxa3 Bxa3 31. Rxb6 h5 32. h4 Rc8 33. Ra6 Be7 34. Ra2 Kf8 1/2-1/2

[Event "Daventry 4NCL op-A 30th"]
[Site "Daventry"]
[Date "2023.06.17"]
[Round "3"]
[White "Mesesan, Mircea Marius"]
[Black "James, Russell A"]
[Result "1-0"]
[WhiteElo "1970"]
[BlackElo "2047"]
[PlyCount "125"]
[EventDate "2023.06.16"]
[EventType "swiss"]
[EventRounds "5"]
[EventCountry "ENG"]
[SourceTitle "CBM 214 Extra"]
[Source "ChessBase"]
[SourceDate "2023.07.31"]
[SourceVersion "1"]
[SourceVersionDate "2023.07.31"]
[SourceQuality "1"]

1. e4 d6 2. d4 Nf6 3. Nc3 e5 4. dxe5 dxe5 5. Qxd8+ Kxd8 6. Bc4 Bb4 7. Bd2 Be6 8. Bxe6 fxe6 9. f3 Nbd7 10. Nh3 Ke7 11. Nf2 a5 12. Nd3 Bd6 13. Be3 a4 14. a3 Ra5 15. Ke2 Nh5 16. Bd2 Ra6 17. g3 c6 18. Nd1 Nhf6 19. Bc3 b5 20. Ne3 h5 21. h4 c5 22. Bd2 c4 23. Nb4 Rb6 24. Rag1 Bc5 25. Rg2 Rd6 26. Na2 Rd8 27. Rd1 Nb8 28. Bb4 Na6 29. Rxd6 Kxd6 30. Ba5 Rd7 31. g4 Bxe3 32. Kxe3 hxg4 33. fxg4 Nc5 34. g5 Nh5 35. Bc3 Kc6 36. Bxe5 Rd1 37. Nb4+ Kd7 38. Rf2 Re1+ 39. Re2 Rh1 40. Kd4 Nb7 41. Bh2 Rd1+ 42. Ke3 Nc5 43. Na2 Rh1 44. Nc3 Kc6 45. e5 Rf1 46. Rd2 Rh1 47. Ne2 g6 48. Nf4 Nxf4 49. Kxf4 Rf1+ 50. Ke3 Re1+ 51. Kf2 Re4 52. Bg3 Rg4 53. Rd6+ Kc7 54. Kf3 Rxg3+ 55. Kxg3 Ne4+ 56. Kg4 Nxd6 57. exd6+ Kxd6 58. h5 gxh5+ 59. Kxh5 b4 60. c3 bxa3 61. bxa3 e5 62. g6 Ke7 63. Kg5 1-0

[Event "Daventry 4NCL Easter op-A 3rd"]
[Site "Daventry"]
[Date "2023.04.08"]
[Round "2"]
[White "Subramanian, Anusha"]
[Black "James, Russell A"]
[Result "1/2-1/2"]
[WhiteElo "1827"]
[BlackElo "2068"]
[PlyCount "103"]
[EventDate "2023.04.07"]
[EventType "swiss"]
[EventRounds "7"]
[EventCountry "ENG"]
[SourceTitle "CBM 213 Extra"]
[Source "ChessBase"]
[SourceDate "2023.05.31"]
[SourceVersion "1"]
[SourceVersionDate "2023.05.31"]
[SourceQuality "1"]

1. c4 g6 2. Nc3 Nf6 3. g3 Bg7 4. Bg2 0-0 5. e4 e5 6. Nge2 c6 7. 0-0 a6 8. d4 d6 9. a4 Nbd7 10. b3 exd4 11. Nxd4 Re8 12. Ba3 Nc5 13. Bxc5 dxc5 14. Nde2 Bg4 15. f3 Bd7 16. Qc2 b5 17. cxb5 axb5 18. axb5 Rxa1 19. Rxa1 cxb5 20. Rd1 Qb6 21. Kh1 Bc6 22. Nf4 c4 23. Ncd5 Bxd5 24. Nxd5 Nxd5 25. exd5 Qa5 26. bxc4 bxc4 27. Qxc4 Re1+ 28. Rxe1 Qxe1+ 29. Bf1 Bd4 30. Qe2 Qxe2 31. Bxe2 Bc5 32. Kg2 g5 33. h4 h6 34. f4 gxf4 35. gxf4 Kg7 36. Kg3 f5 37. Bd3 Kf6 38. h5 Bd6 39. Kf3 Bc7 40. Ke3 Bb6+ 41. Kf3 Bc7 42. Bc2 Bb8 43. Ke3 Ba7+ 44. Kd3 Bb8 45. Ke3 Ba7+ 46. Kf3 Bb8 47. Ba4 Bc7 48. Bd7 Bb8 49. Be6 Bc7 50. Ke3 Bb6+ 51. Kd3 Bc7 52. Ke3 1/2-1/2

[Event "Birmingham op"]
[Site "Birmingham"]
[Date "2022.11.19"]
[Round "1"]
[White "James, Russell A"]
[Black "Green, Michael"]
[Result "1/2-1/2"]
[WhiteElo "2144"]
[BlackElo "1982"]
[PlyCount "52"]
[EventDate "2022.11.19"]
[EventType "swiss"]
[EventRounds "5"]
[EventCountry "ENG"]
[SourceTitle "CBM 211 Extra"]
[Source "ChessBase"]
[SourceDate "2023.01.31"]
[SourceVersion "1"]
[SourceVersionDate "2023.01.31"]
[SourceQuality "1"]

1. e4 g6 2. d4 Nf6 3. e5 Nh5 4. Be2 d6 5. Nf3 d5 6. c4 e6 7. Nc3 dxc4 8. g4 Ng7 9. Bh6 b6 10. Ne4 Nd7 11. Nf6+ Nxf6 12. exf6 Nf5 13. Bxf8 Kxf8 14. gxf5 Qxf6 15. Ne5 Qxf5 16. Bf3 Rb8 17. Nxc4 Ba6 18. b3 Rd8 19. 0-0 c5 20. Qe2 cxd4 21. Be4 Bxc4 22. bxc4 Qg5+ 23. Kh1 Qf4 24. Rad1 Kg7 25. Rd3 f5 26. Bg2 Rhe8 1/2-1/2

[Event "Witney op-A 9th"]
[Site "Witney"]
[Date "2022.11.06"]
[Round "4"]
[White "Southcott Moyers, Indy"]
[Black "James, Russell A"]
[Result "1-0"]
[WhiteElo "1952"]
[BlackElo "2111"]
[PlyCount "93"]
[EventDate "2022.11.05"]
[EventType "swiss"]
[EventRounds "5"]
[EventCountry "ENG"]
[SourceTitle "CBM 211 Extra"]
[Source "ChessBase"]
[SourceDate "2023.01.31"]
[SourceVersion "1"]
[SourceVersionDate "2023.01.31"]
[SourceQuality "1"]

1. d4 Nf6 2. c4 g6 3. Nc3 d5 4. cxd5 Nxd5 5. e4 Nxc3 6. bxc3 Bg7 7. Be3 c5 8. Qd2 Qa5 9. Rc1 0-0 10. Nf3 Bg4 11. Be2 Nd7 12. d5 c4 13. 0-0 Nc5 14. Qc2 Na4 15. Bxc4 b5 16. Bb3 Nxc3 17. Bd4 Ne2+ 18. Qxe2 Bxd4 19. Qd3 Bg7 20. Nd4 Bd7 21. Nc6 Bxc6 22. Rxc6 b4 23. Rd1 Rac8 24. Qc4 Rb8 25. Ra6 Qd8 26. Rxa7 Qd6 27. Ra6 Qf4 28. g3 Qf3 29. Qd3 Qg4 30. d6 exd6 31. Rxd6 Bc3 32. Kg2 h5 33. h3 Qg5 34. h4 Qe7 35. Rxg6+ Kh7 36. Rg5 f6 37. Rxh5+ Kg7 38. Qf3 f5 39. Rg5+ Kh8 40. Rxf5 Rxf5 41. Qxf5 Rf8 42. Qh5+ Kg7 43. Qg4+ Kh8 44. Rd7 Qc5 45. Qe2 Bd4 46. f4 Bg1 47. Bd5 1-0

[Event "Witney op-A 9th"]
[Site "Witney"]
[Date "2022.11.05"]
[Round "3"]
[White "James, Russell A"]
[Black "Isaacs, Ruairi"]
[Result "1-0"]
[WhiteElo "2111"]
[BlackElo "1472"]
[PlyCount "51"]
[EventDate "2022.11.05"]
[EventType "swiss"]
[EventRounds "5"]
[EventCountry "ENG"]
[SourceTitle "CBM 211 Extra"]
[Source "ChessBase"]
[SourceDate "2023.01.31"]
[SourceVersion "1"]
[SourceVersionDate "2023.01.31"]
[SourceQuality "1"]

1. e4 c5 2. Nf3 d6 3. d4 cxd4 4. Nxd4 Nf6 5. Nc3 a6 6. f3 e5 7. Nb3 Be6 8. Be3 Be7 9. Qd2 d5 10. exd5 Nxd5 11. Nxd5 Qxd5 12. Qxd5 Bxd5 13. 0-0-0 Bxb3 14. axb3 Nc6 15. Bd3 0-0 16. Be4 Rfd8 17. Bb6 Bg5+ 18. Kb1 Re8 19. Rd7 Rab8 20. Rhd1 g6 21. g4 Re7 22. Rxe7 Bxe7 23. Rd7 Bg5 24. Bd5 Nd8 25. Bc7 Rc8 26. Bxe5 1-0

[Event "BCF-chT3W 2223 (4NCL)"]
[Site "England"]
[Date "2022.10.23"]
[Round "2.24"]
[White "Terry, Sean"]
[Black "James, Russell A"]
[Result "0-1"]
[WhiteElo "1953"]
[BlackElo "2111"]
[PlyCount "36"]
[EventDate "2022.10.22"]
[EventType "team-tourn"]
[EventRounds "11"]
[EventCountry "ENG"]
[SourceTitle "EXT 2024"]
[Source "ChessBase"]
[SourceDate "2023.10.10"]
[SourceVersion "1"]
[SourceVersionDate "2023.10.10"]
[SourceQuality "1"]
[WhiteTeam "Oxford II"]
[BlackTeam "Warwicks Select"]
[WhiteTeamCountry "ENG"]
[BlackTeamCountry "ENG"]

1. d4 Nf6 2. Nf3 g6 3. Nc3 d5 4. Bf4 Bg7 5. e3 0-0 6. Nb5 Na6 7. c4 c5 8. Nc3 Be6 9. Ng5 Bf5 10. a3 Rc8 11. Qb3 Nh5 12. Qxb7 Nxf4 13. exf4 cxd4 14. Nxd5 Nc5 15. Qxa7 Re8 16. b4 Nb3 17. Ra2 d3 18. Kd1 Qxd5 0-1

[Event "Leamington Spa 4NCL op-A 28th"]
[Site "Leamington Spa"]
[Date "2022.07.10"]
[Round "4"]
[White "Cast, Julian"]
[Black "James, Russell A"]
[Result "1/2-1/2"]
[WhiteElo "1909"]
[BlackElo "2148"]
[PlyCount "100"]
[EventDate "2022.07.08"]
[EventType "swiss"]
[EventRounds "5"]
[EventCountry "ENG"]
[SourceTitle "CBM 209 Extra"]
[Source "ChessBase"]
[SourceDate "2022.09.30"]
[SourceVersion "1"]
[SourceVersionDate "2022.09.30"]
[SourceQuality "1"]

1. d4 Nf6 2. e3 d6 3. Nf3 g6 4. Be2 Bg7 5. 0-0 0-0 6. b3 c5 7. Bb2 b6 8. c4 Bb7 9. Nc3 e6 10. Qc2 a6 11. Rad1 Qc7 12. dxc5 bxc5 13. h3 Rd8 14. Rd2 Nc6 15. Rfd1 Rac8 16. Qb1 e5 17. Nd5 Nxd5 18. cxd5 Nb8 19. e4 Nd7 20. Rc2 Rf8 21. Bc3 Bh6 22. Bd2 Bxd2 23. Rcxd2 Rb8 24. Qc2 Bc8 25. Bc4 Qd8 26. Qd3 a5 27. Qe3 Kg7 28. Re1 Nf6 29. g4 Qe7 30. Nh2 h6 31. Nf1 Nh7 32. Bd3 Qh4 33. Qg3 Qxg3+ 34. Nxg3 Bd7 35. Bc4 a4 36. Rd3 axb3 37. Rxb3 Rxb3 38. Bxb3 Rb8 39. Rc1 Bb5 40. Kg2 c4 41. Bd1 Ra8 42. Be2 Nf6 43. Rc2 Nd7 44. Bxc4 Ba4 45. Bb3 Bxb3 46. axb3 Nc5 47. b4 Nd3 48. Rc6 Nf4+ 49. Kh2 Ra2 50. Nh1 Ra3 1/2-1/2

[Event "BCF-chT 2122 (4NCL)"]
[Site "England"]
[Date "2022.03.26"]
[Round "5.137"]
[White "James, Russell A"]
[Black "Peck, Silas"]
[Result "1-0"]
[WhiteElo "2134"]
[BlackElo "1983"]
[PlyCount "65"]
[EventDate "2021.11.27"]
[EventType "team-swiss"]
[EventRounds "11"]
[EventCountry "ENG"]
[SourceTitle "EXT 2023"]
[Source "ChessBase"]
[SourceDate "2022.10.05"]
[SourceVersion "1"]
[SourceVersionDate "2022.10.05"]
[SourceQuality "1"]
[WhiteTeam "Warwicks Select"]
[BlackTeam "Anglian Avengers"]
[WhiteTeamCountry "ENG"]
[BlackTeamCountry "ENG"]

1. e4 e5 2. Nf3 Nc6 3. Nc3 Nf6 4. Bb5 Nd4 5. 0-0 Nxb5 6. Nxb5 c6 7. Nc3 d6 8. d4 Qc7 9. h3 h6 10. a4 a5 11. b3 Be7 12. Bb2 0-0 13. Re1 Re8 14. Re3 Nd7 15. Ne2 Bf6 16. Ng3 exd4 17. Bxd4 d5 18. Bxf6 Nxf6 19. e5 Nd7 20. Qe1 Nf8 21. Rd1 Be6 22. Nd4 Ng6 23. Nh5 Ne7 24. Rg3 Ng6 25. f4 Qc8 26. Qc3 Kh7 27. Qd3 c5 28. f5 Nxe5 29. Rxg7+ Kh8 30. Qe3 Ng4 31. hxg4 Bxf5 32. Qxh6+ Bh7 33. Qxh7# 1-0

[Event "Midland-ch"]
[Site "Telford"]
[Date "2018.08.12"]
[Round "4"]
[White "James, Russell A"]
[Black "Al Khateeb, Taher"]
[Result "1-0"]
[WhiteElo "2159"]
[BlackElo "1992"]
[PlyCount "67"]
[EventDate "2018.08.10"]
[EventType "swiss"]
[EventRounds "5"]
[EventCountry "ENG"]
[SourceTitle "EXT 2019"]
[Source "ChessBase"]
[SourceDate "2018.10.10"]
[SourceVersion "1"]
[SourceVersionDate "2018.10.10"]
[SourceQuality "1"]

1. e3 c5 2. Nf3 Nc6 3. c4 Nf6 4. Nc3 d5 5. cxd5 Nxd5 6. Be2 e5 7. 0-0 Nxc3 8. dxc3 Qxd1 9. Rxd1 Bd7 10. Ng5 h6 11. Nxf7 Kxf7 12. Rxd7+ Be7 13. Rxb7 Rhd8 14. e4 Rab8 15. Rxb8 Rxb8 16. b3 a5 17. Bc4+ Kf6 18. Bd5 Na7 19. Bd2 Nc8 20. Kf1 Nb6 21. Ke2 a4 22. Bc6 axb3 23. axb3 Nc8 24. Ra8 Rxa8 25. Bxa8 Nb6 26. Bb7 Ke6 27. Be3 Kd6 28. f4 Kc7 29. Bd5 Nd7 30. Be6 Nf6 31. fxe5 Nxe4 32. Kd3 Ng5 33. Bg8 Kd7 34. Kc4 1-0

[Event "BCF-ch Week1 PM op"]
[Site "Coventry"]
[Date "2015.07.31"]
[Round "5"]
[White "James, Russell A"]
[Black "Long, Matthew"]
[Result "1/2-1/2"]
[WhiteElo "2180"]
[BlackElo "2140"]
[PlyCount "31"]
[EventDate "2015.07.27"]
[EventType "swiss"]
[EventRounds "5"]
[EventCountry "ENG"]
[SourceTitle "EXT 2016"]
[Source "ChessBase"]
[SourceDate "2015.10.08"]
[SourceVersion "1"]
[SourceVersionDate "2015.10.08"]
[SourceQuality "1"]

1. d4 Nf6 2. Nf3 g6 3. c4 Bg7 4. Nc3 0-0 5. e4 d6 6. h3 e5 7. d5 a5 8. g4 Na6 9. Bg5 Qe8 10. Be2 Rb8 11. Nd2 c6 12. Be3 Nd7 13. h4 Ndc5 14. Rg1 cxd5 15. cxd5 b5 16. a4 1/2-1/2

[Event "BCF-ch Week1 PM op"]
[Site "Coventry"]
[Date "2015.07.28"]
[Round "2"]
[White "Riding, Mick D"]
[Black "James, Russell A"]
[Result "0-1"]
[WhiteElo "1881"]
[BlackElo "2180"]
[PlyCount "110"]
[EventDate "2015.07.27"]
[EventType "swiss"]
[EventRounds "5"]
[EventCountry "ENG"]
[SourceTitle "EXT 2016"]
[Source "ChessBase"]
[SourceDate "2015.10.08"]
[SourceVersion "1"]
[SourceVersionDate "2015.10.08"]
[SourceQuality "1"]

1. b3 d5 2. Bb2 Nf6 3. e3 c5 4. Nf3 a6 5. d4 Nc6 6. Bd3 Bg4 7. dxc5 e5 8. Be2 Bxf3 9. Bxf3 Bxc5 10. Nd2 e4 11. Be2 0-0 12. 0-0 Re8 13. a3 Ba7 14. b4 d4 15. exd4 Nxd4 16. Nc4 Rc8 17. Rc1 Nf5 18. Qxd8 Rexd8 19. Rfd1 e3 20. Rxd8+ Rxd8 21. f3 Nd4 22. Kf1 Nxe2 23. Kxe2 b5 24. Ne5 Rd2+ 25. Ke1 Rxg2 26. Rd1 Rg1+ 27. Ke2 Rxd1 28. Kxd1 Nd5 29. c4 bxc4 30. Nxc4 Nf4 31. Be5 Nd3 32. Bd6 f5 33. a4 Kf7 34. b5 axb5 35. axb5 Ke6 36. Bf8 f4 37. b6 Bb8 38. b7 Kd7 39. Bxg7 Kc6 40. Ke2 Nc1+ 41. Kd1 Nd3 42. Ke2 Nc5 43. Kd1 Nb3 44. Be5 Kxb7 45. Bxb8 Kxb8 46. Ne5 Nd4 47. Nd3 Ne6 48. Ne5 Kc7 49. Ng4 Kd6 50. Nf6 Nd4 51. Nxh7 Nxf3 52. Nf6 Nxh2 53. Nh5 f3 54. Ng3 Ke5 55. Nh1 f2 0-1

[Event "Paignton Bruce Premier"]
[Site "Paignton"]
[Date "2010.09.07"]
[Round "3"]
[White "James, Russell A"]
[Black "Spanton, Timothy"]
[Result "0-1"]
[WhiteElo "2202"]
[BlackElo "2431"]
[PlyCount "42"]
[EventDate "2010.09.05"]
[EventType "swiss"]
[EventRounds "7"]
[EventCountry "ENG"]
[SourceTitle "EXT 2023"]
[Source "ChessBase"]
[SourceDate "2022.10.05"]
[SourceVersion "1"]
[SourceVersionDate "2022.10.05"]
[SourceQuality "1"]

1. e4 e5 2. Nf3 Nc6 3. d4 exd4 4. Nxd4 Bc5 5. Nxc6 Qf6 6. Qf3 dxc6 7. Qxf6 Nxf6 8. f3 Be6 9. Nc3 0-0-0 10. Bd3 Nd7 11. f4 Nf6 12. f5 Bd7 13. Bg5 Bd4 14. 0-0-0 Rde8 15. Rde1 Bxc3 16. bxc3 Ng4 17. Bf4 Ne5 18. g4 f6 19. Bxe5 Rxe5 20. h4 Rhe8 21. Kd2 c5 0-1

[Event "Paignton Bruce Premier"]
[Site "Paignton"]
[Date "2010.09.05"]
[Round "1"]
[White "James, Russell A"]
[Black "Bass, John W"]
[Result "1/2-1/2"]
[WhiteElo "2202"]
[BlackElo "2064"]
[PlyCount "63"]
[EventDate "2010.09.05"]
[EventType "swiss"]
[EventRounds "7"]
[EventCountry "ENG"]
[SourceTitle "EXT 2023"]
[Source "ChessBase"]
[SourceDate "2022.10.05"]
[SourceVersion "1"]
[SourceVersionDate "2022.10.05"]
[SourceQuality "1"]

1. d4 Nf6 2. Bg5 d5 3. Nf3 e6 4. c4 Be7 5. Nc3 0-0 6. e3 h6 7. Bh4 b6 8. Rc1 Bb7 9. cxd5 Nxd5 10. Bxe7 Qxe7 11. Bd3 Rc8 12. 0-0 c5 13. Nxd5 Bxd5 14. e4 Bb7 15. Re1 Nd7 16. d5 exd5 17. exd5 Qd6 18. Bf5 Re8 19. Qa4 Nf6 20. Rxe8+ Rxe8 21. Rd1 Bxd5 22. h3 Qc6 23. Qf4 Qb7 24. Ne5 Qb8 25. Re1 Bxa2 26. Re3 Nd5 27. Bh7+ Kxh7 28. Qf5+ Kg8 29. Qxf7+ Kh7 30. Qg6+ Kg8 31. Qf7+ Kh7 32. Qg6+ 1/2-1/2

[Event "BCF-chT2b 0910 (4NCL)"]
[Site "England"]
[Date "2009.10.24"]
[Round "1.2"]
[White "James, Russell A"]
[Black "Hoffmann, Hendrik"]
[Result "0-1"]
[WhiteElo "2226"]
[BlackElo "2252"]
[PlyCount "50"]
[EventDate "2009.10.24"]
[EventType "team-tourn"]
[EventRounds "11"]
[EventCountry "ENG"]
[SourceTitle "EXT 2010"]
[Source "ChessBase"]
[SourceDate "2010.11.25"]
[SourceVersion "1"]
[SourceVersionDate "2010.11.25"]
[SourceQuality "1"]
[WhiteTeam "Warwicks Select"]
[BlackTeam "Celtic Tigers"]
[WhiteTeamCountry "ENG"]
[BlackTeamCountry "ENG"]

1. e4 c5 2. c3 Nf6 3. e5 Nd5 4. d4 cxd4 5. Nf3 Nc6 6. cxd4 d6 7. Bc4 Nb6 8. Bb3 dxe5 9. d5 Na5 10. Nc3 Nxb3 11. Qxb3 e6 12. Nxe5 exd5 13. Be3 Be6 14. Bxb6 Qxb6 15. Qa4+ Kd8 16. 0-0-0 Qb4 17. Rxd5+ Kc7 18. Qc2 Rc8 19. Kb1 Kb8 20. Rd2 Be7 21. Nd3 Qa5 22. Qa4 Qxa4 23. Nxa4 Rhd8 24. Rhd1 Bf5 25. Nc3 Bg5 0-1

[Event "Paington op"]
[Site "Paington"]
[Date "2009.09.10"]
[Round "5"]
[White "Arkell, Keith C"]
[Black "James, Russell A"]
[Result "1-0"]
[WhiteElo "2521"]
[BlackElo "2226"]
[PlyCount "81"]
[EventDate "2009.09.06"]
[EventType "swiss"]
[EventRounds "7"]
[EventCountry "ENG"]
[SourceTitle "CBM 132 Extra"]
[Source "ChessBase"]
[SourceDate "2009.11.03"]
[SourceVersion "1"]
[SourceVersionDate "2009.11.03"]
[SourceQuality "1"]

1. d4 Nf6 2. Nf3 e6 3. c4 d5 4. cxd5 exd5 5. Nc3 Bb4 6. Qa4+ Nc6 7. a3 Bxc3+ 8. bxc3 Ne4 9. c4 dxc4 10. e3 Nd6 11. Bxc4 Nxc4 12. Qxc4 Be6 13. Qc5 Bd5 14. Bb2 Qd7 15. Nd2 f5 16. 0-0 0-0-0 17. f3 Rhe8 18. Rfe1 Bf7 19. Rac1 Kb8 20. Nc4 Qd5 21. Qxd5 Bxd5 22. Kf2 Bf7 23. h4 Rd7 24. Red1 a5 25. d5 Rxd5 26. Rxd5 Bxd5 27. Bxg7 b5 28. Nd2 Nd8 29. Nb1 b4 30. Rc5 Ba2 31. Nd2 Nb7 32. Rxf5 bxa3 33. g4 Rd8 34. Ke2 c5 35. h5 c4 36. g5 Bb3 37. Bc3 Bc2 38. e4 Bd3+ 39. Ke3 Bc2 40. Rd5 Rg8 41. g6 1-0

[Event "BCF-chT2c 0809 (4NCL) Promotion pool"]
[Site "Hinckley Island"]
[Date "2009.05.02"]
[Round "9.4"]
[White "Ashton, Adam"]
[Black "James, Russell A"]
[Result "1-0"]
[WhiteElo "2307"]
[BlackElo "2233"]
[PlyCount "89"]
[EventDate "2008.10.04"]
[EventType "team-tourn"]
[EventRounds "4"]
[EventCountry "ENG"]
[SourceTitle "EXT 2010"]
[Source "ChessBase"]
[SourceDate "2010.11.25"]
[SourceVersion "1"]
[SourceVersionDate "2010.11.25"]
[SourceQuality "1"]
[WhiteTeam "Pandoras Box"]
[BlackTeam "Warwicks Select"]
[WhiteTeamCountry "ENG"]
[BlackTeamCountry "ENG"]

1. e4 e5 2. Nf3 Nc6 3. Bb5 Nf6 4. 0-0 Bc5 5. Nxe5 Nxe4 6. Qe2 Nxe5 7. Qxe4 Qe7 8. Nc3 Ng6 9. Qxe7+ Bxe7 10. Nd5 Kd8 11. Nxe7 Nxe7 12. Re1 c6 13. Bf1 d5 14. b3 Bf5 15. Ba3 Be6 16. Bb2 Rg8 17. f3 Kd7 18. Kf2 Rae8 19. a4 f6 20. Bd3 Rh8 21. b4 Bf7 22. Bd4 Bg6 23. Bxg6 hxg6 24. Bxa7 Rxh2 25. Bc5 g5 26. a5 Ng6 27. Rxe8 Kxe8 28. Kg1 Rh8 29. a6 Kd7 30. axb7 Rb8 31. Ra8 Rxb7 32. Rg8 Ke6 33. Kf2 f5 34. c3 Nf4 35. Bd4 Nh5 36. Rc8 Kd7 37. Rh8 Nf4 38. Bxg7 g4 39. Bh6 Nd3+ 40. Ke3 Ne1 41. Rh7+ Kc8 42. Rxb7 Kxb7 43. fxg4 d4+ 44. Ke2 Nxg2 45. gxf5 1-0

[Event "BCF-chT2b 0809 (4NCL)"]
[Site "Hinckley Island"]
[Date "2008.10.05"]
[Round "2.3"]
[White "Brown, Alan M"]
[Black "James, Russell A"]
[Result "1/2-1/2"]
[WhiteElo "2121"]
[BlackElo "2235"]
[PlyCount "44"]
[EventDate "2008.10.04"]
[EventType "team-tourn"]
[EventRounds "7"]
[EventCountry "ENG"]
[SourceTitle "EXT 2010"]
[Source "ChessBase"]
[SourceDate "2010.11.25"]
[SourceVersion "1"]
[SourceVersionDate "2010.11.25"]
[SourceQuality "1"]
[WhiteTeam "South Wales Dragons II"]
[BlackTeam "Warwicks Select"]
[WhiteTeamCountry "ENG"]
[BlackTeamCountry "ENG"]

1. d4 d5 2. Nf3 Nf6 3. c4 e6 4. Bg5 Bb4+ 5. Nbd2 dxc4 6. Qc2 h6 7. Bxf6 Qxf6 8. e3 0-0 9. Bxc4 c5 10. dxc5 Bxc5 11. 0-0 Bb6 12. Ne4 Qe7 13. Rfd1 Nc6 14. Rac1 Bd7 15. Nd6 Rab8 16. a3 Rfd8 17. Rd2 Be8 18. Rcd1 a6 19. Bf1 Bc7 20. Nxe8 Qxe8 21. Nd4 Rd6 22. b4 Bb6 1/2-1/2